ՀՀ Գիտությունների ազգային ակադեմիայի հիմնարար գիտական գրադարան  =   Fundamental Scientific Library of NAS RA

Стабильность и реакционная способность фосфорных солей / (Record no. 95675)

MARC details
000 -LEADER
fixed length control field 01190nam a2200241 a 4500
001 - CONTROL NUMBER
control field 000263793
003 - CONTROL NUMBER IDENTIFIER
control field AM-YeHGA
005 - DATE AND TIME OF LATEST TRANSACTION
control field 20250617125331.0
008 - FIXED-LENGTH DATA ELEMENTS--GENERAL INFORMATION
fixed length control field 030919s1994 ||| r 000 0 rus d
020 ## - INTERNATIONAL STANDARD BOOK NUMBER
International Standard Book Number 5343011756
040 ## - CATALOGING SOURCE
Original cataloging agency AM-YeHGA
090 ## - LOCALLY ASSIGNED LC-TYPE CALL NUMBER (OCLC); LOCAL CALL NUMBER (RLIN)
-- 96978
100 1# - MAIN ENTRY--PERSONAL NAME
Personal name Продан, Евгений Аркадьевич
245 10 - TITLE STATEMENT
Title Стабильность и реакционная способность фосфорных солей /
Statement of responsibility, etc. Е.А. Продан, В.В. Самускевич ; Науч. ред.: И.Н. Ермоленко ; АН Беларуси. Ин-т общ. и неорганич. химии.
260 ## - PUBLICATION, DISTRIBUTION, ETC.
Place of publication, distribution, etc. Минск :
Name of publisher, distributor, etc. Навука i тэхнiка,
Date of publication, distribution, etc. 1994.
300 ## - PHYSICAL DESCRIPTION
Extent 235 с.
Other physical details ил.
504 ## - BIBLIOGRAPHY, ETC. NOTE
Bibliography, etc. note Библиогр. : с. 161-184
650 14 - SUBJECT ADDED ENTRY--TOPICAL TERM
Topical term or geographic name entry element Неорганическая химия
General subdivision Фосфорные соли и фосфатные материалы
700 1# - ADDED ENTRY--PERSONAL NAME
Personal name Самускевич, Валерий Владимирович
700 1# - ADDED ENTRY--PERSONAL NAME
Personal name Ермоленко, И.Н.
Relator term ред.
Relationship edt
710 2# - ADDED ENTRY--CORPORATE NAME
Corporate name or jurisdiction name as entry element Академия наук Беларуси
710 2# - ADDED ENTRY--CORPORATE NAME
Corporate name or jurisdiction name as entry element Институт общей и неорганической химии АН Беларуси
Holdings
Withdrawn status Lost status Damaged status Not for loan Collection Home library Current library Date acquired Total checkouts Full call number Barcode Date last seen Price effective from Koha item type Public note
        General Fundamental Scientific Library Fundamental Scientific Library 22/12/2016   541.17 120639146 22/12/2016 22/12/2016 Գրքեր / Books 30 Days Loan


ՀՀ ԳԱԱ հիմնարար գիտական գրադարան
ՀՀ,Երևան 0019
Մարշալ Բաղրամյան 24/6
հեռախոս:(374-10) 52-47-50
Հետադարձ կապ

All site content, except where otherwise noted, is licensed under a
Creative Commons License